Idegen nyelv
Elmentve itt :
| Szerző: | |
|---|---|
| Dokumentumtípus: | Cikk |
| Megjelent: |
1992
|
| Sorozat: | Iskolakultúra
2 No. 13-14 |
| Kulcsszavak: | Idegen nyelv tanítása, Oktatásügy - Magyarország - 20. sz. |
| Online Access: | http://misc.bibl.u-szeged.hu/43323 |
| LEADER | 00613nab a2200181 i 4500 | ||
|---|---|---|---|
| 001 | misc43323 | ||
| 005 | 20191106141332.0 | ||
| 008 | 180823s1992 hu o 0|| zxx d | ||
| 022 | |a 1215-5233 | ||
| 040 | |a SZTE Miscellanea Repozitórium |b hun | ||
| 041 | |a zxx | ||
| 100 | 1 | |a Vámos Ágnes | |
| 245 | 1 | 0 | |a Idegen nyelv |h [elektronikus dokumentum] / |c Vámos Ágnes |
| 260 | |c 1992 | ||
| 300 | |a 84-93 | ||
| 490 | 0 | |a Iskolakultúra |v 2 No. 13-14 | |
| 695 | |a Idegen nyelv tanítása, Oktatásügy - Magyarország - 20. sz. | ||
| 856 | 4 | 0 | |u http://misc.bibl.u-szeged.hu/43323/1/iskolakultura_1992_013_014_084-093.pdf |z Dokumentum-elérés |